Países que más puntos han obtenido en Eurovisión - Estadísticas

Estadísticas generales
  • Esta prueba ha sido intentada 275 veces
  • La puntuación promedio es 18 de 20
Estadísticas de respuestas
Puesto Puntos País % Correcto
1 6645 Suecia
100%
13 3387 España
99%
2 5127 Italia
98%
3 4818 Francia
97%
4 4617 Reino Unido
97%
6 3990 Noruega
96%
8 3748 Suiza
94%
18 2429 Finlandia
93%
17 2625 Portugal
93%
10 3577 Alemania
92%
5 4076 Ucrania
92%
9 3706 Irlanda
91%
19 2378 Austria
89%
11 3530 Rusia
89%
12 3402 Grecia
88%
14 3254 Países Bajos
88%
15 2846 Dinamarca
87%
16 2823 Bélgica
83%
7 3903 Israel
81%
20 2304 Chipre
58%
No se encontraron pruebas coincidentes
Distribución de puntuación
Porcentaje de gente con cada puntuación
Porcentaje por número respondido
Historial de tus puntuaciones
No has intentado esta prueba.